The consumer's guide to video tape recording /

Bibliographic Details
Main Author: Zmijewsky, Boris
Format: Book
Language:English
Published: New York : Stein and Day, 1979.
Subjects:

MARC

Tag First Indicator Second Indicator Subfields
LEADER 00000pam a2200000 a 4500
001 in00000050966
005 20151007080057.0
008 780623s1979 nyua 00010 engm
010 |a  78007170  
020 |a 0812825357 :  |c $12.95 
020 |a 0812860152 (pbk.) :  |c $4.95 
035 |a (OCoLC)04036124 
035 |9 AAF4226AM 
040 |a DLC  |c DLC  |d TXA  |d UtOrBLW 
049 |a TXAM  |c [1362388] 
050 0 0 |a TK9960  |b  Z58 
082 0 |a 778.59 
100 1 |a Zmijewsky, Boris. 
245 1 4 |a The consumer's guide to video tape recording /  |c Boris Zmijewsky. 
264 1 |a New York :  |b Stein and Day,  |c 1979. 
300 |a 210 pages :  |b illustrations ;  |c 24 cm. 
336 |a text  |b txt  |2 rdacontent 
337 |a unmediated  |b n  |2 rdamedia 
338 |a volume  |b nc  |2 rdacarrier 
650 0 |a Video recording. 
999 |a MARS 
999 f f |s 22e0cca1-8ac7-3fd7-b19b-e7ed1837fc9c  |i ffc407d1-22ec-3569-a575-5c762b0a05c7  |t 0 
952 f f |p ric  |a Texas A&M University  |b Rellis Campus  |c Joint Library Facility  |d Remote Storage  |t 0  |e TK9960 Z58  |h Library of Congress classification  |i unmediated -- volume  |m A14805934497 
998 f f |a TK9960 Z58  |t 0  |l Remote Storage